| 000 | 00405nam a2200157Ia 4500 | ||
|---|---|---|---|
| 999 |
_c522997 _d522997 |
||
| 003 | NUST | ||
| 005 | 20190129115208.0 | ||
| 008 | 190125s9999 xx 000 0 und d | ||
| 040 | _cDLC | ||
| 082 |
_a624.15136 _bKAL |
||
| 100 |
_aUtsav Chandra Kalita _913294 |
||
| 245 | _aSoil Mechanics and Foundation Engineering / | ||
| 260 |
_bPHI Learning _aNew Delhi _c2011 |
||
| 300 | _a267p. : | ||
| 942 |
_2ddc _cBK |
||